Normal view
MARC view
- Israr-e-Khudi (Urdu Version)
Entry Topical Term
001 - CONTROL NUMBER
- control field: 130786
003 - CONTROL NUMBER IDENTIFIER
- control field: NUST
005 - DATE AND TIME OF LATEST TRANSACTION
- control field: 20250930162308.0
008 - FIXED-LENGTH DATA ELEMENTS
- fixed length control field: 250930|| aca||aabn | a|a d
040 ## - CATALOGING SOURCE
- Original cataloging agency: NUST
- Transcribing agency: NUST
150 ## - HEADING--TOPICAL TERM
- Topical term or geographic name entry element: Israr-e-Khudi (Urdu Version)
670 ## - SOURCE DATA FOUND
- Source citation: Work cat.: (NUST): Iqbal, Allama Muhammad 5789, Israr-e-Khudi :, 2023
